000 00411nam a2200181Ia 4500
001 13868
005 20260306164832.0
008 260306t2001||||xx |||||||||||||| ||spa||
041 _aESP
082 _a005.43
_bF67
100 _aFlynn, Ida M.
_eAUT
245 0 _aSistemas operativos
260 _c2001
300 _a462 páginas :
_c24 cm.
650 _aGEN
654 _aCCC
942 _cLIB
_dJUS
_fJUS
_2ddc
_n
999 _c13868
_d13868